| 000 | 01473nam0a2200361 4500 | ||
|---|---|---|---|
| 001 | RU\NLR\BIBL_A\022364639 | ||
| 005 | 20260420020429.0 | ||
| 010 |
_a978-5-04-159887-7 _93000 |
||
| 021 |
_aRU _bКН-П-24-054587 _9КН-П-24-5438 |
||
| 035 | _a(NLR Aleph) 022364639 | ||
| 090 |
_a13668426 _c13668426 |
||
| 100 | _a20241025d2024 e y0rusy50 ca | ||
| 101 | 0 |
_arus _aeng |
|
| 102 | _aRU | ||
| 105 | _aa g 000yy | ||
| 181 | 0 |
_ai3 _baxxe |
|
| 182 | 0 | _an | |
| 200 | 1 |
_aАнглийский язык _e[все темы школьного курса _e8-11 классы _eдля старшего школьного возраста] _fА. А. Логвина, Е. С. Новак |
|
| 203 |
_aТекст _bвизуальный _cнепосредственный |
||
| 210 |
_aМосква _cЭксмо _d2024 |
||
| 215 |
_a319 с. _cил., табл. _d24 |
||
| 225 | 1 | _aБольшой наглядный справочник школьника | |
| 225 | 1 | _aСдаём ОГЭ и ЕГЭ! | |
| 300 | _aТекст рус., англ. | ||
| 333 | _a6+ | ||
| 606 | 1 |
_aАнглийский язык _jСправочники для школьников _9972309 _3RU\NLR\AUTH\6646032 |
|
| 686 | 3 | _aШ143.21-93рус21[8/11] | |
| 700 | 1 |
_aЛогвина _bА. А. _gАнна Александровна |
|
| 701 | 1 |
_aНовак _bЕ. С. _gЕвгения Сергеевна |
|
| 942 | _cBOOK | ||
| 980 | _aNB | ||